000 00271nam a2200121Ia 4500
005 20251222143252.0
008 251222s9999||||xx |||||||||||||| ||spa||
082 _a875.1/C61
100 _aCicerĂ³n, Marco Tulio
245 0 _aLa Amistad
264 _bGRAMBS
942 _cLIB
999 _c15004
_d15004